| 000 | 00654nam a2200229 a 4500 | ||
|---|---|---|---|
| 999 |
_c2141 _d2141 |
||
| 001 | 2141 | ||
| 003 | BD-JhCC | ||
| 005 | 20190925134018.0 | ||
| 008 | 171030s2007 bg ||||| |||| 00| 0 ben d | ||
| 020 | _a9847000600081 | ||
| 035 | _a(BD-JhCC)2141 | ||
| 040 |
_aBD-JhCC _dBD-JhCC |
||
| 041 | _aben | ||
| 082 |
_a341.23 _bHOS 2007 |
||
| 100 | _aহোসেন, তোফাজ্জল | ||
| 245 |
_aজাতিসংঘ / _c তোফাজ্জল হোসেন |
||
| 260 |
_aঢাকা : _bআগামী প্রকাশনী, _c2007. |
||
| 300 |
_a622 p. : _c21 cm. |
||
| 650 | _aUnited Nations | ||
| 942 |
_2ddc _cBK _01 |
||